| 000 | 00774nam a2200265Ia 4500 | ||
|---|---|---|---|
| 003 | OSt | ||
| 005 | 20220912151545.0 | ||
| 006 | a|||||r|||| 00| 0 | ||
| 007 | ta | ||
| 008 | 220909b |||||||| |||| 00| 0 eng d | ||
| 024 | _a52151 | ||
| 037 | _cTextual | ||
| 040 |
_aCSL _beng _cCSL |
||
| 041 | _aeng | ||
| 082 | _aI:11p1,N73, L3 | ||
| 100 | _aHeywood V H Ed. | ||
| 111 | _aInternational symposium on taxonomy and ecology (1972 : England) | ||
| 245 | 0 | _aProceeding on taxonomy and ecology | |
| 260 |
_aLondon _bAcademic press _c1973 |
||
| 300 |
_a370p. _ccm. |
||
| 490 | _aSystematics as association special volume; 5 | ||
| 650 | _aPlant Classification | ||
| 942 |
_hI:11p1,N73, L3 _cTEXL _2CC |
||
| 999 |
_c71287 _d71287 |
||